000 01102nam a22002655i 4500
001 165904
003 ES-MaACL
005 20250815062651.0
008 981106q18901900sp |||| | spa d
040 _aCCPB | B
_bspa
_cCCPB | B
100 1 _aSupino, David.
_9132954
245 1 0 _aDerecho mercantil de David Supino /
_ctraducido de la cuarta edición y anotado extensamente con las diferencias del derecho español por Lorenzo Benito.
260 _aMadrid :
_bLa España Moderna,
_c[s.a.]
300 _a2 v. ;
_c22 cm.
490 1 _aBiblioteca de jurisprudencia, filosofía e historia
596 _aFecha de producción de La España Moderna: ca. 1890-1900.
597 _aT.I ([2], 352 p.) -- T.II ([2], 348 p.)
650 7 _aDerecho mercantil
_2embne
_9135891
700 1 _aBenito y Endara, Lorenzo,
_d1855-1932
_927698
830 0 0 _aBiblioteca de jurisprudencia, filosofía e historia
_9180691
852 _aES-MaACL
_jB-12252
_z-- Enc. pasta española
_x-- Añadir en T260: (Sucesores de J. Cuadrado)
852 _aES-MaACL
_jF-14928-29
999 _c165904
_d165904